Central Library OPAC University of Rajshahi

পদার্থ বিদ্যা / (Record no. 38773)

MARC details
000 -LEADER
fixed length control field 01294nam a2200253 a 4500
001 - CONTROL NUMBER
control field 38773
003 - CONTROL NUMBER IDENTIFIER
rucl marc code BD-RjUL
005 - DATE AND TIME OF LATEST TRANSACTION
control field 20211209052846.0
008 - FIXED-LENGTH DATA ELEMENTS--GENERAL INFORMATION
fixed length control field 160224s1988 bg ado|g |||| 001 0 ben d
035 ## - SYSTEM CONTROL NUMBER
System control number (BD-RjUL)38882
040 ## - CATALOGING SOURCE
Original cataloging agency BD-RjUL
Language of cataloging ben
Transcribing agency BD-RjUL
041 ## - LANGUAGE CODE
Language code of text/sound track or separate title ben
082 04 - DEWEY DECIMAL CLASSIFICATION NUMBER
Edition number 23
Classification number 530
Author mark and year REP 1988
100 1# - MAIN ENTRY--PERSONAL NAME
Personal name রেসনিক, রবার্ট
9 (RLIN) 734
245 10 - TITLE STATEMENT
Title পদার্থ বিদ্যা /
Statement of responsibility, etc. রবার্ট রেসনিক এবং ডেভিড হ্যালিডে সম্পাদক অধ্যাপক অজয় রায়., অনুবাদক ডঃ অজয় রায়, ডঃ র. ই. ম. আমিনুর রশীদ, ডঃ মেসবাহউদ্দিন আহমদ, ডঃ শাজাহান তপন, ড. রানা চৌধুরী
260 ## - PUBLICATION, DISTRIBUTION, ETC. (IMPRINT)
Place of publication, distribution, etc. ঢাকা :
Name of publisher, distributor, etc. বাংলা একাডেমী,
Date of publication, distribution, etc. ১৯৮৮
300 ## - PHYSICAL DESCRIPTION
Pagination খন্ড :
Illustrations চিত্র ;
Size ২২ সেমি.
500 ## - GENERAL NOTE
General note নির্ঘন্ট ও পরিভাষা সংযুক্ত ।
505 ## - FORMATTED CONTENTS NOTE
Formatted contents note খন্ড ২--
650 ## - SUBJECT ADDED ENTRY--TOPICAL TERM
Topical term or geographic name as entry element পদার্থবিদ্যা
9 (RLIN) 119499
Topical term or geographic name as entry element Physics
9 (RLIN) 119613
700 1# - ADDED ENTRY--PERSONAL NAME
Personal name হ্যালিডে, ডেভিড.
942 ## - ADDED ENTRY ELEMENTS (KOHA)
Source of classification or shelving scheme Dewey Decimal Classification
Koha item type Books
Holdings
Lost status Source of classification or shelving scheme Damaged status Not for loan Collection code Permanent Location Current Location Shelving location Date acquired Source of acquisition Cost, normal purchase price Total Checkouts Full call number Date last seen Date checked out Copy number Koha item type
  Dewey Decimal Classification     Non-fiction Central Library, University of Rajshahi Central Library, University of Rajshahi   10/11/1996 Dhaka, Bangla Academy 125.00 1 B 530 REP V-1(Pt-2) 1988 19/03/2016 28/02/2016 C-2 Books
  Dewey Decimal Classification     Non-fiction Central Library, University of Rajshahi Central Library, University of Rajshahi   10/11/1996 Dhaka, Bangla Academy 125.00   B 530 REP V-1(Pt-2) 1988 24/02/2016   C-3 Books
  Dewey Decimal Classification     Non-fiction Central Library, University of Rajshahi Central Library, University of Rajshahi   10/11/1996 Dhaka, Bangla Academy 125.00 2 B 530 REP V-1(Pt-2) 1988 25/02/2016 25/02/2016 C-4 Books
  Dewey Decimal Classification     Non-fiction Central Library, University of Rajshahi Central Library, University of Rajshahi   27/09/1992 Bangla Academy, Dhaka 0.00   B 530 REP V-2(Pt-2) 1989 31/05/2016   C-2 Books
  Dewey Decimal Classification     Non-fiction Central Library, University of Rajshahi Central Library, University of Rajshahi   10/11/1995 Bangla Academy, Dhaka 100.00   B 530 REP V-2(pt-1) 1988 02/10/2016   C-3 Books
  Dewey Decimal Classification     Non-fiction Central Library, University of Rajshahi Central Library, University of Rajshahi   25/06/1990 Bangla Academy, Dhaka. 120.00   B 530 REP V-2 (Pt-2) 1989 17/11/2016   C-4 Books
  Dewey Decimal Classification     Non-fiction Central Library, University of Rajshahi Central Library, University of Rajshahi   01/04/1991 Bangla Academy, Dhaka. 120.00   B 530 REP V-2 (Pt-2) 1989 17/11/2016   C-5 Books
  Dewey Decimal Classification     Non-fiction Central Library, University of Rajshahi Central Library, University of Rajshahi   27/09/1992 Bangla Academy, Dhaka.     B 530 REP V-1 (Pt-2) 1988 24/11/2016   C-5 Books